| 000 | 00681cam a2200229 4500 | ||
|---|---|---|---|
| 001 | M98044 | ||
| 008 | 090401t1999 xxu||||| |||| 00| 0 eng d | ||
| 035 | _a(Sirsi) u92746 | ||
| 041 | _aeng | ||
| 050 | _a690 | ||
| 110 | _aBuilding Research Establishment | ||
| 245 | _aWind loading on buildings: BS 6399-2:1997 worked examples - loads on a portal frame building and on an office tower on a podium. | ||
| 260 |
_aGarston, Watford _bBuilding Research Establishment _c1999 |
||
| 300 | _a12p. ; 30cm. | ||
| 350 | _a0 | ||
| 490 |
_aBRE Digest _v436 part 3 |
||
| 650 | _aBS 6399 | ||
| 650 | _aWIND LOADING | ||
| 690 | _aBUILT ENVIRONMENT | ||
| 942 | _n0 | ||
| 948 | _c15/04/1999 | ||
| 999 |
_c97778 _d97778 |
||